000 00603nam a2200181 i 4500
001 82630
003 ES-MaACL
007 t|
008 041111s1984 sp ||||1| spa d
100 1 _aBuireu Guarro, Jorge.
_932462
245 1 0 _aImpuesto sobre sociedades /
_cJorge Buireu Guarro.
260 _a[Madrid] :
_bMinisterio de Economía y Hacienda. Servicio de Publicaciones,
_c[1984]
300 _a860 p. ;
_c21 cm.
490 1 _aLegislación tributaria comentada ;
_v2
830 0 _aLegislación tributaria comentada ;
_v2
_9231601
852 _aES-MaACL
_jL-7135
_bR.107967
999 _c82630
_d82630